00705 a2200205 4500010001400000020002300014035001300037037001600050082001000066090001500076100002600091245006300117260004600180270004700226300003000273500002000303942002600323999001500349952013500364 aENG-88960 a8120334274c350.00 aEN-72493 bDBAD / PUB14a338.7 c9711d97111 aPailwar, Veena Keshav00aEconomic environment of business/cby Veena Keshav Pailwar aNew DelhibPrentice -Hall of Indiac2008 aM-97, Canaught Circus,bNew Delhie110 001 axiv, 432 p.c24cm (Pbk ) aIncludes Index adplcENk338.7 / PAI c9534d9534 00102ddc40718NFICaDBADbDBADeDBAD/PUBg350.00l0o338.7 PAIpEN-72493r2008-09-15 00:00:00t1u10520v350.00w2008-09-15yEN